000 00468nam a22001457a 4500
005 20150115163046.0
008 150115b xxu||||| |||| 00| 0 eng d
040 _adpl
245 _aThe Dollar Business
260 _aTelangana
_bVimbri Media Pvt ltd
300 _av.
_c27 cm
_bcol.ill
310 _amonthly
270 _a5-2-198/4,Distillery road,Raniganj,Secunderabad,
_bTelengana
_dIndia
_e500003
_k044-26216435
_l04426216435
_mthedollarbusiness.com
942 _2ddc
_cEN
_s1
999 _c90780
_d90780